Les Tchèques et la Bohême contemporaine (Record no. 152562)

MARC details
000 -LEADER
campo de control de longitud fija 00852nam a22002295i 4500
001 - NÚMERO DE CONTROL
campo de control 152562
003 - IDENTIFICADOR DE NÚMERO DE CONTROL
campo de control ES-MaACL
005 - FECHA Y HORA DE LA ÚLTIMA TRANSACCIÓN
campo de control 20230906204808.0
008 - DATOS DE LONGITUD FIJA--INFORMACIÓN GENERAL
campo de control de longitud fija 051018s1897 fr | |||||||| ||fre d
040 ## - FUENTE DE CATALOGACIÓN
Centro catalogador/agencia de origen CAM
Lengua de catalogación spa
Centro/agencia transcriptor CAM
100 1# - ENTRADA PRINCIPAL--NOMBRE DE PERSONA
Nombre de persona Bourlier, Jean.
9 (RLIN) 31005
245 14 - MENCIÓN DEL TÍTULO
Título Les Tchèques et la Bohême contemporaine
Resto del título : essai d'histoire et de politique /
Mención de responsabilidad, etc. par Jean Bourlier.
260 ## - PUBLICACIÓN, DISTRIBUCIÓN, ETC.
Lugar de publicación, distribución, etc. Pars :
Nombre del editor, distribuidor, etc. Félix Alcan éditeur,
Fecha de publicación, distribución, etc. 1897 (
Lugar de fabricación/manufactura Evreux :
Fabricante Imprimerie de Charles Hérissey)
300 ## - DESCRIPCIÓN FÍSICA
Extensión X, 263 p. ;
Dimensiones 19 cm.
490 1# - MENCIÓN DE SERIE
Mención de serie Bibliothèque d'Histoire Contemporaine
650 #4 - PUNTO DE ACCESO ADICIONAL DE MATERIA--TÉRMINO DE MATERIA
Término de materia o nombre geográfico como elemento de entrada Checos-
Subdivisión general Historia.
9 (RLIN) 148043
651 #4 - PUNTO DE ACCESO ADICIONAL DE MATERIA--NOMBRE GEOGRÁFICO
Nombre geográfico Checoslovaquia-
Subdivisión general Historia.
9 (RLIN) 8035
651 #4 - PUNTO DE ACCESO ADICIONAL DE MATERIA--NOMBRE GEOGRÁFICO
Nombre geográfico República Checa-
Subdivisión general Historia.
9 (RLIN) 148044
830 0# - PUNTO DE ACCESO ADICIONAL DE SERIE-TÍTULO UNIFORME
Título uniforme Bibliothèque d'Histoire Contemporaine
9 (RLIN) 180875
852 ## - LOCALIZACIÓN
Ubicación ES-MaACL
Número de control de estantería G-7221
Nota libre -- Rust. deteriorada
Holdings
Estatus retirado Estado de pérdida Estado de daño No para préstamo Colección Biblioteca de origen Biblioteca actual Ubicación en estantería Fecha de adquisición Fuente de adquisición Total de préstamos Signatura topográfica completa Código de barras Visto por última vez Precio de reemplazo Tipo de ítem Koha
        Libros del s. XIX Biblioteca del Ateneo de Madrid Biblioteca del Ateneo de Madrid Depósito 2 17/01/2008     G-7221 1159314 23/02/2023 23/02/2023 Libro impreso antiguo